| 000 | 00852nac a22002531u 4500 | ||
|---|---|---|---|
| 999 |
_c2957 _d2957 |
||
| 003 | EG-ScBUE | ||
| 005 | 20210128122322.0 | ||
| 008 | 150819s1877 enka f 000 f eng d | ||
| 040 |
_aEG-ScBUE _beng _erda _cEG-ScBUE _dEG-ScBUE |
||
| 082 | 0 | 4 |
_a823.8 _bSEW _222 |
| 100 | 1 |
_aSewell, Anna, _d1820-1878, _eauthor. _923616 |
|
| 245 | 1 | 0 |
_aBlack Beauty / _cby Anna Sewell ; Illustrated by Douglas Relf. |
| 264 | 1 |
_aLondon : _bThomas Nelson and Sons Ltd, _c1877. |
|
| 300 |
_a278 pages : _billustrations ; _c24 cm |
||
| 336 |
_2rdacontent _atext _btxt |
||
| 337 |
_2rdamedia _aunmediated _bn |
||
| 338 |
_2rdacarrier _avolume _bnc |
||
| 650 | 7 |
_aHorses _xJuvenile fiction. _2BUEsh _923617 |
|
| 651 | _2BUEsh | ||
| 653 |
_cAugust2015 _cSeptember2017 _bHHUUEENN |
||
| 655 |
_vReading book _934232 |
||
| 700 | 1 |
_aRelf, Douglas, _eillustrator. |
|
| 942 |
_cBB _k813Se89 _2ddc |
||